Personnages Disney (peu connu) - Statistiques

Statistiques générales
  • Ce quiz a été pris 53 fois
  • Le résultat moyen est 3 sur 16
Statistiques - réponses
Par images Réponse % Correct
Astrid
47%
Corail
44%
Felicia
33%
Héphaïstos
26%
Bonnie
23%
Abigail
21%
Django
19%
Yax
19%
Chaca
12%
Bill
9%
Lizzy
7%
Narissa
7%
Dez
5%
Gorgamon
5%
Burny
2%
Puce
2%
Aucun quiz correspondant
Distribution des résultats
% des personnes avec chaque résultat
Percentile par nombre de réponses
Votre historique - résultats
Vous n’avez pas pris ce quiz